LIBRARY & INFORMATION CENTRE, KCAET, TAVANUR

ONLINE PUBLIC ACCESS CATALOGUE (OPAC)

Glossary for Horticultural Crops / (Record no. 10881)

MARC details
000 -LEADER
fixed length control field 00330cam a2200133ua 4500
020 ## - INTERNATIONAL STANDARD BOOK NUMBER
ISBN 0 471 88499 5
082 ## - DEWEY DECIMAL CLASSIFICATION NUMBER
Classification number 635.014
Item number SOU/GL
100 ## - MAIN ENTRY--AUTHOR NAME
Personal name Soule, James .
245 ## - TITLE STATEMENT
Title Glossary for Horticultural Crops /
250 ## - EDITION STATEMENT
Edition statement 1 /
260 ## - PUBLICATION, DISTRIBUTION, ETC. (IMPRINT)
Place of publication London :
Name of publisher John Wiley & Sons ,
Year of publication 1985.
300 ## - PHYSICAL DESCRIPTION
Number of Pages 898 ; .
942 ## - ADDED ENTRY ELEMENTS (KOHA)
Koha item type Reference
Holdings
Withdrawn status Lost status Damaged status Collection code Home library Current library Shelving location Date acquired Full call number Accession Number Koha item type
      Reference KAUAET KAUAET Reference 31/03/1987 635.014.SOU/GL 16359 Reference
free website counter